Klient v cestovnom ruchu

Recenzia publikácie - Novacká, Ľ., Kulčáková, M.: Klient v cestovnom ruchu, Bratislava, Eurounion, s.r.o. 1996. Kniha pozostáva z piatich kapitol a 95 strán. Výskum spotrebiteľa - psychika a subjektívne vnímanie potrieb klienta. Firmy cestovného ruchu musia poznať svojich klientov. Dynamický rozvoj...

Description complète

Enregistré dans:
Détails bibliographiques
Auteur principal: Dzurová, Mária
Format: Chapitre de livre
Langue:slovaque
Sujets:
Tags: Ajouter un tag
Pas de tags, Soyez le premier à ajouter un tag!

MARC

LEADER 00000naa a2200000 4500
001 r026048
005 20230918075034.4
041 0 |a slo 
044 |a SK 
245 1 0 |a Klient v cestovnom ruchu  |c Mária Dzurová 
520 |a Recenzia publikácie - Novacká, Ľ., Kulčáková, M.: Klient v cestovnom ruchu, Bratislava, Eurounion, s.r.o. 1996. Kniha pozostáva z piatich kapitol a 95 strán. Výskum spotrebiteľa - psychika a subjektívne vnímanie potrieb klienta. Firmy cestovného ruchu musia poznať svojich klientov. Dynamický rozvoj cestovného ruchu v medzinárodnom meradle a vývojové tendencie v EÚ. Posudzovanie kvality služieb cestovného ruchu podľa medzinárodných noriem ISO 9000. 
610 2 0 |a recenzie 
610 2 0 |a ruch cestovný 
610 2 0 |a Slovensko 
610 2 0 |a klienti 
610 2 0 |a správanie spotrebiteľa 
610 2 0 |a predvídanie 
610 2 0 |a konkurencia 
610 2 0 |a kvalita 
610 2 0 |a služby 
610 2 0 |a dotazníky 
610 2 0 |a metodológia 
100 1 |a Dzurová, Mária